000 00420nam a2200181Ia 4500
001 19176
005 20260306171725.0
008 260306s9999||||xx |||||||||||||| ||und||
041 _aESP
082 _a658.8
_bS21A
100 _aSantesmases Mestre, Miguel
_eAUT
245 0 _aMarketing:
_bconceptos y estrategias
260 _c2012
300 _a
_c
650 _aGEN
654 _aCAN
942 _cLIB
_dJUS
_fJUS
_2ddc
_n
999 _c19176
_d19176